Online
Catalog

Reglamento para el diseño de plantas físicas escolares : (Record no. 50395)

MARC details
000 -CABECERA
campo de control de longitud fija 00853nam a2200229 4500
003 - IDENTIFICADOR DEL NÚMERO DE CONTROL
campo de control DO-SdBNP
005 - FECHA Y HORA DE LA ÚLTIMA TRANSACCIÓN
campo de control 20210903145543.0
007 - CAMPO FIJO DE DESCRIPCIÓN FÍSICA--INFORMACIÓN GENERAL
campo de control de longitud fija ta
008 - DATOS DE LONGITUD FIJA--INFORMACIÓN GENERAL
campo de control de longitud fija 210903e2006 a|||er|||| 00| 0 spa d
040 ## - FUENTE DE LA CATALOGACIÓN
Centro catalogador/agencia de origen DO-SdBNP
Lengua de catalogación spa
Centro/agencia transcriptor BNPHU
082 4# - NÚMERO DE LA CLASIFICACIÓN DECIMAL DEWEY
Número de edición 22
Número de clasificación 371.6
Número de documento/Ítem R426r
110 1# - ENTRADA PRINCIPAL--NOMBRE DE ENTIDAD CORPORATIVA
Nombre de entidad corporativa o nombre de jurisdicción como elemento de entrada República Dominicana. Secretaría de Estado de Obras Públicas y Comunicaciones
9 (RLIN) 79727
245 1# - MENCIÓN DE TÍTULO
Título Reglamento para el diseño de plantas físicas escolares :
Resto del título niveles básico y medio /
Mención de responsabilidad, etc. Secretaría de Estado de Obras Públicas y Comunicaciones
260 ## - PUBLICACIÓN, DISTRIBUCIÓN, ETC.
Lugar de publicación, distribución, etc. Santo Domingo :
Nombre del editor, distribuidor, etc. SEOPC,
Fecha de publicación, distribución, etc. 2006.
300 ## - DESCRIPCIÓN FÍSICA
Extensión 46 p. :
Otras características físicas il. ;
Dimensiones 27 cm
500 ## - NOTA GENERAL
Nota general Incluye tabla de contenido.
504 ## - NOTA DE BIBLIOGRAFÍA, ETC.
Nota de bibliografía, etc. Bibliografía : p. 46
590 ## - NOTA LOCAL (RLIN)
Nota local Inventariado, 2021 /SA
650 4# - PUNTO DE ACCESO ADICIONAL DE MATERIA--TÉRMINO DE MATERIA
Término de materia o nombre geográfico como elemento de entrada Instalaciones escolares
Subdivisión general Reglamentos.
Subdivisión geográfica República Dominicana
9 (RLIN) 79728
910 ## - DATOS DE OPCIÓN DEL USUARIO (OCLC)
Datos de opción del usuario Saquino
942 ## - ELEMENTOS DE PUNTO DE ACCESO ADICIONAL (KOHA)
Fuente del sistema de clasificación o colocación Dewey Decimal Classification
Tipo de ítem Koha Folleto
Holdings
Estado de retiro Estado de pérdida Fuente del sistema de clasificación o colocación Restricciones de uso No para préstamo Código de colección Localización permanente Ubicación/localización actual Ubicación en estantería Fecha de adquisición Fuente de adquisición Total de préstamos Signatura topográfica completa Código de barras Fecha visto por última vez Precio válido a partir de Tipo de ítem Koha Nota pública
    Dewey Decimal Classification Excluido de préstamo   Monografías: Libros y Folletos Biblioteca Nacional Pedro Henríquez Ureña Patrimonio Dominicano En catalogación 05.07.2018 Donado   BNPHU PD 371.6 R426r 2021-26043 03.09.2021 03.09.2021 Folleto S/A

Powered by Koha